Growing closer / (Record no. 2963)

MARC details
000 -LEADER
fixed length control field 00746cam a2200253 a 4500
001 - CONTROL NUMBER
control field 1442414
003 - CONTROL NUMBER IDENTIFIER
control field GBCCL
005 - DATE AND TIME OF LATEST TRANSACTION
control field 20241126110444.0
008 - FIXED-LENGTH DATA ELEMENTS--GENERAL INFORMATION
fixed length control field 850605s1986 nju b 000 0 eng
010 ## -
-- 85014174
020 ## - INTERNATIONAL STANDARD BOOK NUMBER
International Standard Book Number 0800714458
040 ## - CATALOGING SOURCE
Original cataloging agency DLC
Transcribing agency DLC
Modifying agency DLC
050 00 -
-- BV4509.5
-- .C44 1986
082 00 - DEWEY DECIMAL CLASSIFICATION NUMBER
Classification number 248.4
Edition information 19
Item number CHA
100 1# - MAIN ENTRY--PERSONAL NAME
Personal name Chapian, Marie.
9 (RLIN) 6180
245 10 - TITLE STATEMENT
Title Growing closer /
Statement of responsibility, etc. Marie Chapian.
260 ## - PUBLICATION, DISTRIBUTION, ETC.
Place of publication, distribution, etc. Old Tappan, N.J. :
Name of publisher, distributor, etc. F.H. Revell Co.,
Date of publication, distribution, etc. c1986.
300 ## - PHYSICAL DESCRIPTION
Extent 187 p. ;
Dimensions 22 cm.
504 ## - BIBLIOGRAPHY, ETC. NOTE
Bibliography, etc. note Bibliography: p. 185-186.
650 #0 - SUBJECT ADDED ENTRY--TOPICAL TERM
Topical term or geographic name entry element Interpersonal relations
General subdivision Religious aspects
-- Christianity.
9 (RLIN) 400
650 #0 - SUBJECT ADDED ENTRY--TOPICAL TERM
Topical term or geographic name entry element Christian life.
9 (RLIN) 183
906 ## - LOCAL DATA ELEMENT F, LDF (RLIN)
a 7
b cbc
c orignew
d 1
e ocip
f 19
g y-gencatlg
942 ## - ADDED ENTRY ELEMENTS (KOHA)
Source of classification or shelving scheme Dewey Decimal Classification
Koha item type Books
Holdings
Withdrawn status Lost status Source of classification or shelving scheme Damaged status Not for loan Home library Current Library Shelving location Date acquired Total checkouts Full call number Barcode Date last seen Copy number Price effective from Koha item type
    Dewey Decimal Classification     GRACE BIBLE COLLEGE GRACE BIBLE COLLEGE Ministry & Mission 2017-10-10   248.4 CHA 008219 2025-05-01 c.1 2017-10-10 Books
© Grace Bible College Library 2025